000 00523nam a2200181Ia 4500
008 090123s9999 xx 000 0 und d
082 _b30438
_a891.463/शिरव
100 _aशिरवळकर सुहास
245 _aसंशय
250 _a1
260 _bदिलिपराज प्रकाशन
300 _a148
600 _aशिरवळकर सुहास
630 _aसंशय
700 _aशिरवळकर सुहास
730 _aसंशय
942 _cBOOK
999 _c65741
_d65741